000 00408nam a22001697a 4500
005 20250109035417.0
008 250109b |||||||| |||| 00| 0 eng d
020 _a019564249X
082 _22671
_a305.3
_bSAN
100 _aGilman, S.L
245 _aFreud, Race, and Gender
260 _aDelhi
_bOxford University Press
_c1997
300 _axvi, 277 p.,
650 _aRace
650 _aGender
942 _cL
999 _c5949
_d5949